The Wire Characters - Statistics

General Stats
  • This quiz has been taken 560 times
  • The average score is 37 of 96
Answer Stats
No. of episodes Answer % Correct
56 Jimmy Mcnulty
97%
32 Avon Barksdale
92%
36 Russell "Stringer" Bell
92%
42 Omar Little
89%
54 William "The Bunk" Moreland
86%
56 Kima Greggs
84%
12 Elena McNulty
83%
10 Michael McNulty
83%
10 Sean James McNulty
83%
58 Cedric Daniels
82%
18 D'Angelo Barksdale
80%
32 Marlo Stanfield
79%
16 Marla Daniels
75%
54 Lester Freamon
73%
37 Preston "Bodie" Broadus
73%
40 Reginald "Bubbles" Cousins
73%
53 Thomas "Herc" Hauk
73%
50 Ellis Carver
72%
26 Felicia "Snoop" Pearson
72%
12 Frank Sobotka
69%
45 Roland "Prez" Pryzbylewski
69%
12 Ziggy Sobotka
69%
46 Bill Rawls
68%
24 Joseph "Proposition Joe" Stewart
68%
26 Malik "Poot" Carr
68%
35 Tommy Carcetti
67%
13 Jen Carcetti
65%
13 Wallace
64%
22 Michael Lee
63%
20 Roland "Wee-Bey" Brice
62%
13 Nick Sobotka
61%
13 Melvin "Cheese" Wagstaff
59%
10 The Greek
58%
25 Howard "Bunny" Colvin
55%
27 Slim Charles
51%
20 Duquan "Dukie" Weems
50%
44 Rhonda Pearlman
50%
45 Jay Landsman
49%
12 Brianna Barksdale
48%
14 Randy Wagstaff
47%
26 Chris Patlow
46%
20 Dennis "Cutty" Wise
45%
40 Ervin Burrell
45%
22 Clay Davis
44%
14 Namond Brice
44%
20 Beatrice "Beadie" Russell
41%
38 Leander Sydnor
39%
16 Clarence Royce
36%
15 Spiros "Vondas" Vondopoulos
35%
19 Stan Valchek
33%
21 Maurice Levy
28%
10 Augustus "Gus" Haynes
23%
15 Daniel Phelan
23%
23 Norman Wilson
23%
10 Butchie
21%
12 Thomas "Horseface" Pakusa
21%
25 Michael Santangelo
21%
11 Sergei Malatov
21%
10 Scott Templeton
20%
11 Aaron "Bug" Manigault
17%
19 Kenard
17%
10 Alma Gutierrez
14%
20 Shaun "Shamrock" McGinty
13%
17 Spider
13%
15 Theresa D'Agostino
11%
22 Ed Norris
10%
15 Jonny Weeks
10%
14 Kenneth Dozerman
10%
12 Tony Gray
10%
11 The Deacon
9%
20 Anthony Colicchio
8%
15 Cheryl
8%
12 Donette
8%
19 Michael Crutchfield
8%
11 Nerese Campbell
8%
15 Odell Watkins
8%
18 Dennis Mello
7%
11 Kimmy
6%
19 Vernon Holley
6%
10 Justin
5%
17 Monk Metcalf
5%
15 Raymond Foerster
5%
12 Robert "Bobby" Brown
5%
11 Shardene Innes
5%
13 Terrance "Fitz" Fitzhugh
5%
10 Caroline Massey
4%
15 Coleman Parker
4%
15 Andy Krawczyk
4%
11 Dr. David Parenti
4%
12 Marcia Donnelly
4%
10 Bobby Reed
3%
13 Johnny "Fifty" Spamanto
3%
20 Lloyd "Truck" Garrick
3%
11 Micheal Steintorf
3%
12 Mrs. Grace Simpson
3%
12 Nat Coxson
2%
No matching quizzes found
Score Distribution
Percent of People with Each Score
Percentile by Number Answered
Your Score History
You have not taken this quiz